000 00577nam a2200217Ia 4500
008 160216s9999 xx 000 0 und d
020 _a971-908-170-5
050 _aFIL LB 2369
050 _b.A38 2002 c.1
100 _aAguinaldo, Milagros M.
245 _aSimplified approach to thesis writing /
245 _cMilagros M. Aguinaldo.
260 _aQuezon City:
260 _bMMA Pub.,
260 _c2002
300 _a154 pages :
300 _bill. ;
300 _c28 cm.
500 _aIncludes bibliographical references.
650 _aDissertations, Academic.
999 _c290935
_d290935